000 00480nam a2200181Ia 4500
001 8174
005 20260306160549.0
008 260306t2005||||xx |||||||||||||| ||spa||
041 _aESP
082 _a370.115
_bR76
100 _aRodríguez Rodríguez, Margarita
_eAUT
245 0 _aIntroducción a la educación socioambiental desde la pedagogía social
260 _c2005
300 _a154 páginas :
_c24 cm.
650 _aGEN
654 _aCED
942 _cLIB
_dJUS
_fJUS
_2ddc
_n
999 _c8174
_d8174